[Event "33. Münsterland Open"]
[Site "Senden"]
[Date "2015.10.13"]
[Round "6.2"]
[White "Schuh, Dirk"]
[Black "Schleining, Zoya"]
[Result "1/2-1/2"]
[WhiteElo "2360"]
[BlackElo "2363"]
[PlyCount "62"]
[EventDate "2015.??.??"]
[WhiteTeam "Düsseldorfer SK"]
[BlackTeam "SV Letmathe"]

1. e4 c5 2. Nf3 Nc6 3. c3 e6 4. d4 d5 5. exd5 exd5 6. Bb5 Bd6 7. O-O Nf6 8.
Re1+ Be6 9. Nbd2 O-O 10. dxc5 Bxc5 11. Nb3 Bb6 12. Be3 Bg4 13. h3 Bh5 14. Bxb6
Qxb6 15. Bxc6 bxc6 16. g4 Bg6 17. Qd4 Ne4 18. Ne5 Qc7 19. Nc5 Rfe8 20. Nxg6
Nxc5 21. Qxc5 hxg6 22. Re3 Rxe3 23. Qxe3 c5 24. Re1 Rd8 25. a3 a5 26. b4 axb4
27. axb4 d4 28. cxd4 cxb4 29. d5 Qd6 30. Qd3 Rc8 31. Kg2 Rb8 1/2-1/2

[Event "33. Münsterland Open"]
[Site "Senden"]
[Date "2015.10.13"]
[Round "6.3"]
[White "Zubarev, Alexander"]
[Black "Holtel, Jasper"]
[Result "1/2-1/2"]
[WhiteElo "2542"]
[BlackElo "2316"]
[PlyCount "285"]
[EventDate "2015.??.??"]
[WhiteTeam "SC Siegburg"]
[BlackTeam "SK Münster"]

1. d4 Nf6 2. Nf3 g6 3. c4 Bg7 4. g3 c6 5. Bg2 d5 6. Qb3 O-O 7. Nc3 Qb6 8. O-O
Rd8 9. c5 Qxb3 10. axb3 Na6 11. Bf4 Re8 12. Be5 Nd7 13. Bxg7 Kxg7 14. Ra4 e5
15. e3 Nc7 16. Nxe5 Nxe5 17. dxe5 Rxe5 18. Rfa1 a6 19. Rb4 f5 20. Bf1 Re7 21.
Ne2 Ne6 22. Rc1 Nd8 23. Nd4 Be6 24. f3 Bf7 25. Kf2 Ne6 26. Nxe6+ Bxe6 27. Rd4
Rae8 28. b4 Bf7 29. Rc3 Kf6 30. Be2 Bg8 31. Bd1 Bf7 32. Bc2 Bg8 33. Rf4 Kg7 34.
h4 Be6 35. Bb1 Bc8 36. Ba2 h6 37. Rd4 Kf6 38. Bb1 Kg7 39. Bc2 Re5 40. Ra3 R5e7
41. Bd1 Kf6 42. Rc3 Kg7 43. Bc2 Re5 44. Rd1 R5e7 45. Bb1 Re5 46. Rcd3 R5e7 47.
Re1 Re5 48. Re2 R5e7 49. Ke1 f4 50. gxf4 Bf5 51. e4 dxe4 52. Rde3 Rd7 53. fxe4
Bg4 54. Rd2 Rxd2 55. Kxd2 Rf8 56. f5 gxf5 57. exf5 Bxf5 58. Rg3+ Kh7 59. Ba2
Re8 60. Kc3 Re2 61. Bg8+ Kh8 62. Bc4 Rh2 63. b3 Kh7 64. Bg8+ Kh8 65. Bc4 Kh7
66. Bg8+ Kh8 67. Bf7 Rh3 68. Rxh3 Bxh3 69. b5 axb5 70. Kb4 Kg7 71. Bh5 Be6 72.
Bd1 Kf6 73. Ka5 Ke5 74. b4 Bd5 75. Bg4 Kf4 76. Bc8 Kg3 77. h5 Kh4 78. Bxb7 Kxh5
79. Kb6 Kg5 80. Bxc6 Bxc6 81. Kxc6 h5 82. Kxb5 h4 83. c6 h3 84. c7 h2 85. c8=Q
h1=Q 86. Qc5+ Kf4 87. Qd6+ Ke3 88. Kb6 Qe4 89. b5 Kf2 90. Qc5+ Kg3 91. Qc6 Qd4+
92. Kb7 Kh2 93. b6 Kg1 94. Qg6+ Kh1 95. Qh5+ Kg1 96. Qg5+ Kh1 97. Kc6 Qc3+ 98.
Qc5 Qf6+ 99. Qd6 Qc3+ 100. Kd7 Qg7+ 101. Kc8 Qg8+ 102. Kb7 Qg7+ 103. Qc7 Qd4
104. Qc1+ Kh2 105. Qc6 Kg1 106. Qe6 Kh1 107. Kc6 Qc3+ 108. Kd6 Qg3+ 109. Qe5
Qa3+ 110. Kc7 Qg3 111. Kd6 Qa3+ 112. Kc6 Qa4+ 113. Kc7 Qc4+ 114. Kb8 Qg8+ 115.
Ka7 Qa2+ 116. Kb7 Qg2+ 117. Kc7 Qg3 118. Qd6 Qg7+ 119. Kb8 Qg3 120. Qc7 Qg8+
121. Kb7 Qf8 122. Qc1+ Kg2 123. Qb2+ Kh1 124. Qa1+ Kh2 125. Ka7 Qc5 126. Qh8+
Kg1 127. Qg7+ Kh1 128. Qh7+ Kg1 129. Qd3 Qa5+ 130. Kb7 Qe5 131. Kc6 Qe6+ 132.
Kc5 Qe5+ 133. Qd5 Qc3+ 134. Kd6 Qf6+ 135. Qe6 Qd4+ 136. Kc7 Qg7+ 137. Kb8 Qg3+
138. Ka7 Qa3+ 139. Kb7 Qf3+ 140. Kc8 Qf8+ 141. Kd7 Qg7+ 142. Kc6 Qc3+ 143. Kb5
1/2-1/2

[Event "33. Münsterland Open"]
[Site "Senden"]
[Date "2015.10.13"]
[Round "6.4"]
[White "Webb, Laurence"]
[Black "Ackermann, Hans Werner"]
[Result "1-0"]
[WhiteElo "2307"]
[BlackElo "2331"]
[PlyCount "107"]
[EventDate "2015.??.??"]
[WhiteTeam "SK Münster"]
[BlackTeam "SSC Rostock"]

1. e4 d6 2. d4 Nf6 3. Nc3 Nbd7 4. Nf3 e5 5. Bc4 Be7 6. O-O O-O 7. Re1 c6 8. a4
a5 9. h3 Qc7 10. b3 h6 11. Ba3 Re8 12. Qd2 Bf8 13. Rad1 Qb6 14. d5 Nc5 15. Qe3
Qc7 16. Bxc5 dxc5 17. dxc6 bxc6 18. Ne2 Nd7 19. Nc1 Nb6 20. Nd2 Qe7 21. Be2 Be6
22. Qc3 Qc7 23. Nc4 Nd7 24. Bg4 Bxg4 25. hxg4 Nb6 26. Nd3 Nd7 27. Ndb2 Ra7 28.
Ne3 g6 29. Nbc4 Nf6 30. f3 h5 31. Kf2 hxg4 32. Nxg4 Nxg4+ 33. fxg4 Qe7 34. Rh1
Qg5 35. Qf3 Re6 36. Qh3 Bg7 37. g3 Qe7 38. Qh4 Rf6+ 39. Kg2 Rd7 40. g5 Re6 41.
Rxd7 Qxd7 42. Qg4 Qc7 43. Rd1 Bf8 44. Qe2 Be7 45. Qd2 Kg7 46. Qxa5 Qxa5 47.
Nxa5 Bxg5 48. Nc4 f5 49. Rd7+ Kf6 50. a5 fxe4 51. a6 Re8 52. a7 e3 53. Rb7 Rh8
54. Nxe3 1-0

[Event "33. Münsterland Open"]
[Site "Senden"]
[Date "2015.10.13"]
[Round "6.5"]
[White "Torres-Kuckel, Rafael"]
[Black "Huhndorf, Arnold"]
[Result "1/2-1/2"]
[WhiteElo "2225"]
[BlackElo "2255"]
[PlyCount "60"]
[EventDate "2015.??.??"]
[WhiteTeam "SV Ahlen"]
[BlackTeam "SV Würselen"]

1. e4 c5 2. Nf3 Nc6 3. d4 cxd4 4. Nxd4 g6 5. Nc3 Bg7 6. Nb3 Nf6 7. Be2 O-O 8.
O-O d6 9. Re1 a6 10. Bf1 b5 11. Bg5 Bb7 12. Qd2 Rc8 13. Nd5 e6 14. Nxf6+ Bxf6
15. Bxf6 Qxf6 16. c3 Rfd8 17. a4 d5 18. axb5 axb5 19. Qe3 d4 20. cxd4 Nxd4 21.
Nxd4 Qxd4 22. Bxb5 Qxb2 23. Rab1 Qd4 24. Qxd4 Rxd4 25. f3 Rcd8 26. Be2 Bc6 27.
Rbd1 Rxd1 28. Rxd1 Rxd1+ 29. Bxd1 Kf8 30. Kf2 Ke7 1/2-1/2

[Event "33. Münsterland Open"]
[Site "Senden"]
[Date "2015.10.13"]
[Round "6.6"]
[White "Virnyi, Julius"]
[Black "Hecht, Carsten"]
[Result "1/2-1/2"]
[WhiteElo "2100"]
[BlackElo "2176"]
[PlyCount "68"]
[EventDate "2015.??.??"]
[WhiteTeam "SK Münster"]
[BlackTeam "LSV Turm Lippstadt"]

1. Nf3 Nf6 2. g3 g6 3. b3 Bg7 4. Bb2 O-O 5. Bg2 d5 6. c4 c6 7. O-O Bf5 8. d3
Re8 9. Nbd2 Qb6 10. a3 a5 11. Ra2 Na6 12. Qa1 Rad8 13. Rc1 e5 14. Nxe5 d4 15.
Nef3 c5 16. Re1 Rd7 17. Qd1 Rde7 18. Bc1 Nb8 19. Rb2 Nc6 20. Rb1 Qd8 21. Nf1 h6
22. h3 g5 23. g4 Bg6 24. Ng3 Qd7 25. Bd2 Nh7 26. Bf1 Nf8 27. Bg2 Ne6 28. Nh2
Be5 29. Ne4 Qc7 30. Nf1 b6 31. Nfg3 Ng7 32. b4 axb4 33. axb4 cxb4 34. Qa4 Re6
1/2-1/2

[Event "33. Münsterland Open"]
[Site "Senden"]
[Date "2015.10.13"]
[Round "6.7"]
[White "Köllner, Ruben Gideon"]
[Black "Gebhardt, Ulrich"]
[Result "0-1"]
[WhiteElo "1945"]
[BlackElo "2170"]
[PlyCount "98"]
[EventDate "2015.??.??"]
[WhiteTeam "SV Bergneustadt/Derschlag"]
[BlackTeam "SK Ettlingen"]

1. d4 Nf6 2. Nf3 e6 3. Nbd2 c5 4. e3 Be7 5. Bd3 d5 6. c3 Nbd7 7. O-O O-O 8. Qe2
b6 9. e4 dxe4 10. Nxe4 Bb7 11. Re1 Rc8 12. Neg5 cxd4 13. cxd4 Bb4 14. Bd2 Bxd2
15. Qxd2 h6 16. Ne4 Nxe4 17. Bxe4 Bxe4 18. Rxe4 Nf6 19. Ree1 Qd5 20. b3 Rfd8
21. Rac1 Ne4 22. Qe3 Ng5 23. Nxg5 Qxg5 24. Qxg5 hxg5 25. f3 Kf8 26. Kf2 Rxc1
27. Rxc1 Rxd4 28. Ke3 Rd7 29. b4 Ke7 30. b5 Kd8 31. Rc4 Rc7 32. Rd4+ Kc8 33. a4
Rc2 34. Rg4 Rc3+ 35. Kd4 Ra3 36. Ke5 Kd7 37. Rd4+ Ke7 38. Rc4 Rd3 39. Ke4 Rd7
40. a5 bxa5 41. Ra4 Kd6 42. Rxa5 Kc5 43. b6+ Kxb6 44. Rxg5 g6 45. h4 a5 46. h5
Rd5 47. Rg3 Rxh5 48. f4 a4 49. Rc3 Ra5 0-1

[Event "33. Münsterland Open"]
[Site "Senden"]
[Date "2015.10.13"]
[Round "6.8"]
[White "Volesky, Alexander"]
[Black "Terhuven, Patrick"]
[Result "0-1"]
[WhiteElo "1983"]
[BlackElo "2138"]
[PlyCount "70"]
[EventDate "2015.??.??"]
[WhiteTeam "SV Ahlen"]
[BlackTeam "Krefelder SK Turm"]

1. e4 c5 2. Nf3 g6 3. d4 cxd4 4. Nxd4 Nc6 5. Nc3 Bg7 6. Be3 Nf6 7. Bc4 O-O 8.
Bb3 d5 9. exd5 Na5 10. Nde2 a6 11. Qd2 b5 12. d6 exd6 13. Rd1 Bb7 14. f3 Re8
15. O-O d5 16. Bd4 Nc4 17. Bxc4 dxc4 18. Ng3 Qc7 19. Qg5 Re6 20. Nce2 h6 21.
Qc1 Nd5 22. Bxg7 Kxg7 23. Nd4 Qb6 24. Kh1 Re5 25. f4 Ree8 26. Rf3 Nf6 27. Re3
Ng4 28. Rxe8 Rxe8 29. Rd2 h5 30. c3 h4 31. h3 hxg3 32. hxg4 Qf6 33. Kg1 Qxf4
34. Qd1 Qe3+ 35. Kf1 Rh8 0-1

[Event "33. Münsterland Open"]
[Site "Senden"]
[Date "2015.10.13"]
[Round "6.9"]
[White "Schmitzer, Klaus"]
[Black "Jungbluth, Michael"]
[Result "1-0"]
[WhiteElo "2264"]
[BlackElo "2011"]
[PlyCount "67"]
[EventDate "2015.??.??"]
[WhiteTeam "Bad Vilbeler Sfr"]
[BlackTeam "SV Unser Fritz"]

1. e4 e6 2. d4 d5 3. Nd2 Nf6 4. e5 Nfd7 5. Bd3 c5 6. c3 Nc6 7. Ne2 cxd4 8. cxd4
f6 9. exf6 Nxf6 10. O-O Bd6 11. Nf3 Qc7 12. Nc3 a6 13. Bg5 O-O 14. Bh4 Bd7 15.
Bg3 Rae8 16. Rc1 Qb8 17. Bb1 Kh8 18. a3 Re7 19. Re1 Bxg3 20. hxg3 e5 21. dxe5
Nxe5 22. Qd4 Nxf3+ 23. gxf3 Rxe1+ 24. Rxe1 Qd6 25. Re5 Bc6 26. f4 Re8 27. Ba2
Qd7 28. Bb3 Ng4 29. Rxe8+ Qxe8 30. Bxd5 Bxd5 31. Nxd5 Qh5 32. Ne7 Qe8 33. Qd6
Nf6 34. Qe6 1-0

[Event "33. Münsterland Open"]
[Site "Senden"]
[Date "2015.10.13"]
[Round "6.10"]
[White "Wetterau, Georg"]
[Black "Langhanke, Günther"]
[Result "1/2-1/2"]
[WhiteElo "2008"]
[BlackElo "2137"]
[PlyCount "68"]
[EventDate "2015.??.??"]
[WhiteTeam "SK Königsspringer Nordwalde"]
[BlackTeam "SC Klein-Berlin Rheine"]

1. e4 c5 2. Nf3 Nc6 3. d4 cxd4 4. Nxd4 e5 5. Nb3 Bb4+ 6. Bd2 Be7 7. Be2 Nf6 8.
Nc3 O-O 9. O-O d5 10. exd5 Nxd5 11. Nxd5 Qxd5 12. Be3 Qxd1 13. Rfxd1 Nb4 14.
Rd2 Bf5 15. Bd1 b6 16. a3 Nc6 17. Bf3 Rac8 18. c3 Be6 19. Bd5 Bxd5 20. Rxd5
Rfd8 21. Rad1 Rxd5 22. Rxd5 Rd8 23. Rxd8+ Bxd8 24. f3 f6 25. Nd2 Kf7 26. Kf2
Ke6 27. Ke2 f5 28. g3 h5 29. Bf2 g5 30. h3 g4 31. fxg4 fxg4 32. hxg4 hxg4 33.
Ne4 Ne7 34. Kd3 Nf5 1/2-1/2

[Event "33. Münsterland Open"]
[Site "Senden"]
[Date "2015.10.14"]
[Round "7.1"]
[White "Kantans, Toms"]
[Black "Schuh, Dirk"]
[Result "1/2-1/2"]
[WhiteElo "2504"]
[BlackElo "2360"]
[PlyCount "151"]
[EventDate "2015.??.??"]
[WhiteTeam "SG Speyer-Schwegenheim"]
[BlackTeam "Düsseldorfer SK"]

1. e4 e6 2. d4 d5 3. Nd2 a6 4. Ngf3 c5 5. exd5 exd5 6. dxc5 Bxc5 7. Nb3 Bb6 8.
Be2 Nf6 9. O-O O-O 10. Bg5 Nc6 11. c3 Re8 12. Bh4 h6 13. Nfd4 g5 14. Bg3 Ne4
15. Bh5 Qf6 16. f4 Nxg3 17. hxg3 Re7 18. Kh1 gxf4 19. Rxf4 Qg5 20. Bg4 Ne5 21.
Bxc8 Rxc8 22. Nf5 Rd7 23. Nbd4 Ng6 24. Rg4 Qh5+ 25. Nh4 Kh7 26. Qf3 Re8 27. Rf1
Re4 28. Rxe4 Qxf3 29. gxf3 dxe4 30. fxe4 Bxd4 31. Rd1 Nxh4 32. gxh4 Re7 33.
Rxd4 Kg6 34. Kg2 f5 35. exf5+ Kxf5 36. Kf3 Rg7 37. Rd6 Rh7 38. c4 Ke5 39. c5 h5
40. Rg6 Kd4 41. Rg5 a5 42. Kf4 a4 43. c6 bxc6 44. Ra5 Rg7 45. Rxa4+ Kd5 46. Kf3
c5 47. Rf4 Ke5 48. Rc4 Kd5 49. b3 Rg8 50. Ra4 Rg7 51. Ke3 Rg3+ 52. Kd2 Rg2+ 53.
Kc3 Rg3+ 54. Kb2 Rg2+ 55. Ka3 Rh2 56. Rf4 Ke5 57. Rc4 Kd5 58. Ka4 Kc6 59. a3
Kb6 60. Rf4 Rh3 61. Rf6+ Kb7 62. Rh6 Rxh4+ 63. Kb5 Rh3 64. Kc4 h4 65. a4 Kc7
66. a5 Kb7 67. Rb6+ Ka7 68. Kxc5 Rg3 69. Kb4 Rg4+ 70. Kc3 Rg5 71. Rh6 Rxa5 72.
Rxh4 Rg5 73. Kb4 Rg6 74. Rh5 Kb6 75. Rb5+ Ka6 76. Ra5+ 1/2-1/2

[Event "33. Münsterland Open"]
[Site "Senden"]
[Date "2015.10.14"]
[Round "7.2"]
[White "Holtel, Jasper"]
[Black "Webb, Laurence"]
[Result "1-0"]
[WhiteElo "2316"]
[BlackElo "2307"]
[PlyCount "73"]
[EventDate "2015.??.??"]
[WhiteTeam "SK Münster"]
[BlackTeam "SK Münster"]

1. e4 c6 2. d4 d5 3. e5 Bf5 4. h4 h6 5. g4 Bd7 6. Bg2 e6 7. Ne2 c5 8. c3 Nc6 9.
h5 Qb6 10. O-O cxd4 11. cxd4 f6 12. Bf4 g5 13. hxg6 fxe5 14. Bxe5 Nxe5 15. dxe5
Ne7 16. Nf4 O-O-O 17. Nc3 Kb8 18. Rc1 Rg8 19. Na4 Bxa4 20. Qxa4 Nxg6 21. Nxg6
Rxg6 22. Rc3 Bb4 23. Rg3 Rdg8 24. Rc1 a6 25. a3 Bc5 26. Kf1 Rf8 27. Rb3 Bb4 $4
(27... Rxg4 28. Rxb6 Rxf2+ 29. Ke1 Rxa4 30. Rxc5 Rxg2 31. Rxe6 Rh4 32. Kf1 Rxb2
$19) 28. Bf3 $2 (28. f3 $1 Rxg4 29. Rxb4 $18) 28... Rxf3 $2 (28... Rxg4 $1 $13)
29. Rxf3 $18 Rxg4 30. axb4 Ka7 31. Qa5 Rxb4 32. Qxb6+ Rxb6 33. Rc2 d4 34. Rd3
Rb5 35. Rxd4 Rxe5 36. Re2 Rb5 37. Rde4 1-0

[Event "33. Münsterland Open"]
[Site "Senden"]
[Date "2015.10.14"]
[Round "7.3"]
[White "Terhuven, Patrick"]
[Black "Zubarev, Alexander"]
[Result "0-1"]
[WhiteElo "2138"]
[BlackElo "2542"]
[PlyCount "74"]
[EventDate "2015.??.??"]
[WhiteTeam "Krefelder SK Turm"]
[BlackTeam "SC Siegburg"]

1. d4 Nf6 2. Nf3 c5 3. c3 b6 4. Bf4 Bb7 5. e3 d6 6. h3 Nbd7 7. Nbd2 g6 8. Bh2
Bg7 9. Bd3 O-O 10. O-O d5 11. Ne5 Ne8 12. f4 Nd6 13. Nxd7 Qxd7 14. Qg4 f5 15.
Qe2 Bc6 16. b3 Rac8 17. Rac1 Bb5 18. c4 dxc4 19. bxc4 Ba6 20. dxc5 Nb7 21. Nb3
Nxc5 22. Nxc5 Rxc5 23. Kh1 Qe6 24. Rc2 Rfc8 25. Rfc1 Bb7 26. Bg3 Bc6 27. a4
Bxa4 28. Ra2 b5 29. Rb1 Rd8 30. cxb5 Rxd3 31. Rxa4 Rxe3 32. Qa2 Qxa2 33. Rxa2
Rxg3 34. Rxa7 Rc2 35. b6 Rgxg2 36. Rd7 Rh2+ 37. Kg1 Rcg2+ 0-1

[Event "33. Münsterland Open"]
[Site "Senden"]
[Date "2015.10.14"]
[Round "7.4"]
[White "Gebhardt, Ulrich"]
[Black "Podzielny, Karl-Heinz"]
[Result "0-1"]
[WhiteElo "2170"]
[BlackElo "2409"]
[PlyCount "47"]
[EventDate "2015.??.??"]
[WhiteTeam "SK Ettlingen"]
[BlackTeam "SV Letmathe"]

1. d4 g6 2. Nf3 Bg7 3. c4 Nf6 4. Nc3 O-O 5. e4 d6 6. Be2 a5 7. O-O Na6 8. h3 e5
9. dxe5 dxe5 10. Be3 Nh5 11. Nd5 Nf4 12. Qd2 Ne6 13. Qxa5 b6 14. Qd2 Nac5 15.
Qc2 Nd4 16. Nxd4 exd4 17. Bf4 c6 18. Nb4 Re8 19. f3 f5 20. Nd3 fxe4 21. Nxc5 d3
22. Nxd3 exd3 23. Qxd3 Qd4+ 24. Qxd4 0-1

[Event "33. Münsterland Open"]
[Site "Senden"]
[Date "2015.10.14"]
[Round "7.5"]
[White "Schleining, Zoya"]
[Black "Torres-Kuckel, Rafael"]
[Result "1/2-1/2"]
[WhiteElo "2363"]
[BlackElo "2225"]
[PlyCount "60"]
[EventDate "2015.??.??"]
[WhiteTeam "SV Letmathe"]
[BlackTeam "SV Ahlen"]

1. d4 Nf6 2. c4 g6 3. Nc3 Bg7 4. e4 d6 5. Nf3 O-O 6. Be2 e5 7. O-O Nc6 8. d5
Ne7 9. b4 a5 10. bxa5 Nd7 11. Nd2 f5 12. Nb3 Nf6 13. Bg5 Nxe4 14. Nxe4 fxe4 15.
Qd2 Bf6 16. Bxf6 Rxf6 17. Rfe1 Bf5 18. Bd1 Qd7 19. Bc2 Raf8 20. Re3 Kh8 21.
Rae1 c6 22. dxc6 Qxc6 23. Qb4 Kg7 24. Nd2 Nd5 25. cxd5 Qxc2 26. h3 h5 27. a3
Rc8 28. Nxe4 Bxe4 29. Qxe4 Rxf2 30. Qxc2 Rcxc2 1/2-1/2

[Event "33. Münsterland Open"]
[Site "Senden"]
[Date "2015.10.14"]
[Round "7.6"]
[White "Ackermann, Hans Werner"]
[Black "Beutelhoff, Josef"]
[Result "1-0"]
[WhiteElo "2331"]
[BlackElo "2121"]
[PlyCount "66"]
[EventDate "2015.??.??"]
[WhiteTeam "SSC Rostock"]
[BlackTeam "SF Olfen"]

1. Nf3 d6 2. d4 Nf6 3. c4 g6 4. Nc3 Bg7 5. e4 O-O 6. Be2 Nbd7 7. O-O e5 8. d5
Nc5 9. Qc2 a5 10. b3 Nh5 11. Be3 f5 12. exf5 gxf5 13. Rad1 b6 14. Bg5 Bf6 15.
Bh6 Bg7 16. Bg5 Bf6 17. Bh6 Bg7 18. Qc1 Bxh6 19. Qxh6 Nf4 20. g3 Rf6 21. Qh4
Ne4 22. gxf4 Nxc3 23. Kh1 Nxd1 24. Bxd1 Qe7 25. Rg1+ Kh8 26. fxe5 dxe5 27. Qg3
Bb7 28. Nxe5 f4 29. Ng6+ hxg6 30. Qh4+ Kg7 31. Rxg6+ Kxg6 32. Bc2+ Kf7 33. Qh5+
Kg8 1-0

[Event "33. Münsterland Open"]
[Site "Senden"]
[Date "2015.10.14"]
[Round "7.7"]
[White "Quante, Lennart"]
[Black "Schmitzer, Klaus"]
[Result "0-1"]
[WhiteElo "2106"]
[BlackElo "2264"]
[PlyCount "114"]
[EventDate "2015.??.??"]
[WhiteTeam "SK Münster"]
[BlackTeam "Bad Vilbeler Sfr"]

1. e4 b6 2. d4 e6 3. Bd3 Bb7 4. Ne2 c5 5. O-O cxd4 6. Nxd4 Bc5 7. Nb3 Be7 8. a4
Nc6 9. c3 Nf6 10. Qe2 Qc7 11. Na3 a6 12. Nc4 d5 13. exd5 exd5 14. Ne3 g6 15.
Nc2 O-O 16. Ncd4 Bd6 17. g3 Rfe8 18. Qf3 Ne5 19. Qxf6 Nxd3 20. Bh6 Be5 21. Qg5
Nxb2 22. f4 Bh8 23. f5 f6 24. Qc1 Nc4 25. Ra2 Re4 26. Ne6 Qd7 27. Nbd4 Nd6 28.
a5 gxf5 29. Nf4 b5 30. Rg2 Nf7 31. Nd3 Rc8 32. Nxf5 d4 33. Rc2 dxc3 34. Rxc3
Rxc3 35. Qxc3 Rc4 36. Qa3 b4 37. Nxb4 Nxh6 38. Nxh6+ Kg7 39. Nf5+ Kg6 40. Qd3
Qxd3 41. Nxd3 Be4 42. Nh4+ Kg5 43. Nf4 f5 44. Rd1 Be5 45. Nhg2 Ra4 46. Ne6+ Kf6
47. Nf8 Bd4+ 48. Kf1 h6 49. Nd7+ Ke7 50. Nb8 Bf3 51. Re1+ Kd6 52. Nh4 Bg4 53.
Nxa6 Ra2 54. Rc1 Bh3+ 55. Ke1 Bf2+ 56. Kd1 Bg4+ 57. Nf3 Bxf3# 0-1

[Event "33. Münsterland Open"]
[Site "Senden"]
[Date "2015.10.14"]
[Round "7.8"]
[White "Huhndorf, Arnold"]
[Black "Virnyi, Julius"]
[Result "1-0"]
[WhiteElo "2255"]
[BlackElo "2100"]
[PlyCount "65"]
[EventDate "2015.??.??"]
[WhiteTeam "SV Würselen"]
[BlackTeam "SK Münster"]

1. d4 Nf6 2. c4 e6 3. Nf3 d5 4. g3 Bb4+ 5. Nc3 O-O 6. Bg2 c6 7. O-O Nbd7 8. Qb3
Bd6 9. Bg5 h6 10. Bxf6 Nxf6 11. Rfe1 b6 12. e4 Nxe4 13. Nxe4 dxe4 14. Rxe4 Qc7
15. a4 c5 16. d5 exd5 17. cxd5 Bf5 18. Re3 Rfe8 19. Rae1 Rxe3 20. Rxe3 a6 21.
Ne5 b5 22. Nc6 c4 23. Qd1 Rc8 24. Qd4 Kf8 25. a5 Bd7 26. Qb6 Re8 27. Rxe8+ Bxe8
28. Qxa6 Bxc6 29. dxc6 b4 30. Qb6 Qe7 31. a6 Bc5 32. Qb8+ Qe8 33. c7 1-0

[Event "33. Münsterland Open"]
[Site "Senden"]
[Date "2015.10.14"]
[Round "7.9"]
[White "Hecht, Carsten"]
[Black "Tugstumur, Yesuntumur"]
[Result "0-1"]
[WhiteElo "2176"]
[BlackElo "1960"]
[PlyCount "88"]
[EventDate "2015.??.??"]
[WhiteTeam "LSV Turm Lippstadt"]

1. e4 c5 2. Nf3 Nc6 3. d4 cxd4 4. Nxd4 e6 5. Nc3 a6 6. Be2 Qc7 7. O-O Bc5 8.
Nb3 Be7 9. Be3 Nf6 10. f4 d6 11. a4 Na5 12. Nxa5 Qxa5 13. Qe1 Bd7 14. Bd3 Ng4
15. Bd2 Qc5+ 16. Kh1 a5 17. Qg3 h5 18. Be2 Bf6 19. Nb5 Bxb2 20. Rab1 Bf6 21.
Bxg4 hxg4 22. Be3 Qh5 23. Bg1 O-O 24. Nxd6 Bxa4 25. Rxb7 e5 26. Nf5 Bc6 27.
Ne7+ Bxe7 28. Rxe7 Bxe4 29. fxe5 Qh3 30. Rf4 Qxg3 31. hxg3 Bxc2 32. Bd4 Bb3 33.
Rxg4 Be6 34. Rf4 a4 35. Ra7 a3 36. Rf3 Rxa7 37. Bxa7 a2 38. Bd4 Rd8 39. Bc3
Rd1+ 40. Kh2 a1=Q 41. Bxa1 Rxa1 42. Re3 Ra2 43. g4 Bxg4 44. Kg3 Be6 0-1

[Event "33. Münsterland Open"]
[Site "Senden"]
[Date "2015.10.14"]
[Round "7.10"]
[White "Köllner, Christof"]
[Black "Althoff, Ralph"]
[Result "0-1"]
[WhiteElo "2132"]
[BlackElo "2097"]
[PlyCount "103"]
[EventDate "2015.??.??"]
[WhiteTeam "SV Bergneustadt/Derschlag"]
[BlackTeam "SF Olfen"]

1. d4 f5 2. Nc3 Nf6 3. Bg5 d5 4. Bxf6 exf6 5. e3 Be6 6. Qf3 Nc6 7. h4 h5 8. Bd3
g6 9. a3 Bh6 10. Nge2 Qd7 11. O-O-O O-O-O 12. Kb1 Kb8 13. Bb5 Qd6 14. Bxc6 Qxc6
15. Nf4 Bf7 16. Qe2 a6 17. Qd3 Rd6 18. g3 Rhd8 19. b4 Bf8 20. Kc1 Qe8 21. Nfe2
Rc6 22. Na4 a5 23. b5 Re6 24. Kd2 g5 25. Rb1 Bg6 26. Qb3 Bd6 27. Nac3 f4 28.
gxf4 gxf4 29. Nxf4 Bxf4 30. exf4 Qd7 31. Na4 Qd6 32. Qg3 Re4 33. f5 Rxd4+ 34.
Kc3 Rc4+ 35. Kb3 Bxf5 36. Rbc1 Qd7 37. Nc3 d4 38. Nd1 Qxb5+ 39. Ka2 d3 40. Ne3
d2 41. Rb1 Rxc2+ 42. Nxc2 Qc4+ 43. Qb3 Qxc2+ 44. Qxc2 Bxc2 45. Rbd1 Bxd1 46.
Rxd1 b5 47. Kb2 Kb7 48. Kc2 c5 49. a4 b4 50. Kb3 Rd4 51. Kc2 Kc6 52. Rg1 0-1

[Event "33. Münsterland Open"]
[Site "Senden"]
[Date "2015.10.16"]
[Round "8.1"]
[White "Holtel, Jasper"]
[Black "Kantans, Toms"]
[Result "1-0"]
[WhiteElo "2316"]
[BlackElo "2504"]
[PlyCount "115"]
[EventDate "2015.??.??"]
[WhiteTeam "SK Münster"]
[BlackTeam "SG Speyer-Schwegenheim"]

1. e4 Nf6 2. e5 Nd5 3. d4 d6 4. exd6 cxd6 5. c4 Nb6 6. Nc3 g6 7. h3 Bg7 8. Nf3
O-O 9. Be2 Nc6 10. O-O e5 11. Bg5 f6 12. Be3 exd4 13. Nxd4 f5 14. Nxc6 bxc6 15.
c5 dxc5 16. Bxc5 Re8 17. Bf3 Qf6 18. Bxb6 axb6 19. Qb3+ Be6 20. Qxb6 Rab8 21.
Qxc6 Rec8 22. Qa6 Qf7 23. Rfe1 Bc4 24. Qd6 Rd8 25. Qa3 Qc7 26. Rad1 Rxd1 27.
Nxd1 Bf8 28. Qc3 Qf7 29. a3 Bb3 30. Qc1 Bg7 31. Qe3 Bf6 32. Nc3 Kg7 33. g3 h5
34. h4 Qc7 35. Re2 f4 36. Qxf4 Qxf4 37. gxf4 Bxh4 38. Bd5 Bf6 39. Bxb3 Rxb3 40.
Rc2 Bxc3 41. bxc3 Rxa3 42. c4 Kf6 43. c5 Ke7 44. c6 Kd8 45. c7+ Kc8 46. Kg2 h4
47. f3 Ra4 48. Rc6 Rxf4 49. Rxg6 Kxc7 50. Rg4 h3+ 51. Kg3 Rf8 52. Rh4 Kd6 53.
Rxh3 Ke6 54. Rh5 Rf5 55. Rh6+ Kf7 56. Kg4 Ra5 57. Rh5 Rxh5 58. Kxh5 1-0

[Event "33. Münsterland Open"]
[Site "Senden"]
[Date "2015.10.16"]
[Round "8.2"]
[White "Zubarev, Alexander"]
[Black "Schuh, Dirk"]
[Result "1/2-1/2"]
[WhiteElo "2542"]
[BlackElo "2360"]
[PlyCount "71"]
[EventDate "2015.??.??"]
[WhiteTeam "SC Siegburg"]
[BlackTeam "Düsseldorfer SK"]

1. d4 d5 2. c4 dxc4 3. e4 Nc6 4. Nf3 Nf6 5. Nc3 Bg4 6. d5 Ne5 7. Bf4 Nfd7 8.
Be2 Bxf3 9. gxf3 g6 10. Be3 Bg7 11. f4 Nd3+ 12. Bxd3 cxd3 13. Qxd3 Nf6 14. Qb5+
Qd7 15. O-O-O Qxb5 16. Nxb5 Kd7 17. e5 Nh5 18. e6+ Kc8 19. f5 a6 20. Nd4 Bxd4
21. Bxd4 f6 22. Be3 b6 23. fxg6 hxg6 24. Rhg1 Rg8 25. h4 Kb7 26. Rg4 Rad8 27.
a4 Rd6 28. a5 Rgd8 29. axb6 cxb6 30. Rgd4 Ng7 31. Bf4 Nxe6 32. Bxd6 Nxd4 33.
Bxe7 Rxd5 34. Kb1 Kc6 35. Bxf6 Nf3 36. Rxd5 1/2-1/2

[Event "33. Münsterland Open"]
[Site "Senden"]
[Date "2015.10.16"]
[Round "8.3"]
[White "Webb, Laurence"]
[Black "Podzielny, Karl-Heinz"]
[Result "1/2-1/2"]
[WhiteElo "2307"]
[BlackElo "2409"]
[Annotator "Kamp,Christoph"]
[PlyCount "81"]
[EventDate "2015.??.??"]
[WhiteTeam "SK Münster"]
[BlackTeam "SV Letmathe"]

1. e4 c5 2. Nf3 g6 3. c3 Nc6 4. d4 d5 5. exd5 Qxd5 6. Be3 cxd4 7. cxd4 Bg7 8.
Nc3 Qa5 9. d5 Nb4 10. Bb5+ Kf8 11. O-O Bf5 12. Nd4 Rd8 13. Bc4 Nf6 14. Nxf5
gxf5 15. Qf3 Qc7 16. Bb3 Ng4 17. Bf4 Be5 18. Bxe5 Qxe5 19. g3 Qf6 20. Rad1 h5
21. d6 e6 22. Qxb7 h4 23. Qxb4 hxg3 24. d7+ Kg7 25. Qf4 $2 (25. fxg3 Nxh2 26.
Ne4 Qh6 27. Rf4 fxe4 28. Qxe4 $18) 25... g2 26. Rfe1 Rxh2 27. Ne4 Qg6 28. Qg5
$2 (28. Ng3 $18) 28... fxe4 29. Qxg6+ Kxg6 30. Rxe4 Rh4 31. f3 $2 (31. Rdd4 $18
) 31... Nh2 32. Kxg2 Rxe4 33. Bc2 f5 34. fxe4 Ng4 35. exf5+ Kf6 36. Rd6 $2 (36.
Kf3 Ne5+ 37. Kf4 Rxd7 38. Rxd7 Nxd7 39. fxe6 $18) 36... Ne3+ 37. Kf2 Nxc2 38.
fxe6 Ke7 39. Rc6 Nd4 40. Rc7 Nxe6 41. Rxa7 1/2-1/2

[Event "33. Münsterland Open"]
[Site "Senden"]
[Date "2015.10.16"]
[Round "8.4"]
[White "Althoff, Ralph"]
[Black "Schleining, Zoya"]
[Result "0-1"]
[WhiteElo "2097"]
[BlackElo "2363"]
[PlyCount "50"]
[EventDate "2015.??.??"]
[WhiteTeam "SF Olfen"]
[BlackTeam "SV Letmathe"]

1. e4 c5 2. Nf3 Nc6 3. Nc3 e6 4. d4 cxd4 5. Nxd4 Qc7 6. Be2 Nf6 7. O-O a6 8.
Be3 Be7 9. a4 O-O 10. Kh1 Rd8 11. Bf3 Ne5 12. Bf4 d6 13. Bg3 b6 14. Re1 Bb7 15.
h4 Rdc8 16. h5 Nxf3 17. Qxf3 Qc5 18. Qd3 Nxh5 19. Bh2 Nf6 20. Rad1 Ng4 21. Bg3
Bf6 22. Kg1 Ne5 23. Qe2 Nc4 24. Nb3 Qc7 25. Nb1 Nxb2 0-1